| 000 | 00511cam a2200205ua 4500 | ||
|---|---|---|---|
| 001 | 7329 | ||
| 008 | 141206n ii |||gr||||Z||||||ben | ||
| 020 | _a8185471320 | ||
| 040 | _cMAIN | ||
| 041 | _aben | ||
| 082 | _a891.444 | ||
| 100 |
_aChoudhury, D., _eAuthor. |
||
| 245 | 1 |
_aBangla thiyetarer itihas _cby Darshan Choudhury |
|
| 250 | _a2nd rev. | ||
| 260 |
_aCalcutta: _bPuapok, _c2007. |
||
| 300 | _a472p. | ||
| 653 | _aEast Indo-European & Celtic literatures | ||
| 653 | _aBengali essays | ||
| 942 | _cBK | ||
| 999 |
_c6454 _d6454 |
||